K technickoekonomické problematice vynálezectví a zlepšovatelství.

Uložené v:
Podrobná bibliografia
Médium: Kniha
Jazyk:Czech
Vydané: Plzeň : Dům techniky Československé vědeckotechnické společnosti, 1986.
Vydanie:1. vyd.
ISBN: (brož.)
Fyzický popis: 171 s.
Tagy: Pridať tag
Žiadne tagy, Buďte prvý kto otaguje tento záznam!

MARC

LEADER 00000nam a22000004a 4500
001 000394635
005 20120809133859.0
008 120809s1986 xr e cze d
020 |a (brož.)  |c Kčs 127,00 
040 |a SVKKK  |b slo  |c SVKKK  |e AACR2 
041 0 |a cze 
044 |a xr  |c CZ 
245 0 0 |a K technickoekonomické problematice vynálezectví a zlepšovatelství. 
250 |a 1. vyd. 
260 |a Plzeň :  |b Dům techniky Československé vědeckotechnické společnosti,  |c 1986. 
300 |a 171 s. 
910 |a svkkk 
998 |a BK 
090 |g SCKHL  |k Sklad Pribinova 2. posch.  |a II.299358  |j 743249  |i B252458  |s Absenčne